00445nam a2200133Ia 4500008004100000082001800041100002900059245004500088260003100133300000900164942001200173999001900185952010700204210430s9999 xx 000 0 und d a070.01 N334 S aAhsan Akhtar Naz9128878 a Sahafati Ikhlaqiat / cAhsan Akhtar Naz aLAHOREbMUNEER AHMADc2005 a227P cBK2ddc c563415d563415 001040708NFICaSCMEbSCMEcGENd0004-06-11l0o070.01 N334 SpSCME-2334r2021-04-30w2021-04-30yBK